000 00804nam a22002531u 4500
001 05379
003 HDC
007 cr bn ---
008 210120p xx fo d 00 engg
040 _aHDC
245 0 _aWORLD HALAL WEEK 2016 KUALA LUMPUR
260 _a[No place] :
_b[publisher not identified],
_c2016
300 _a48 pages :
_bIllustrations
336 _atext
_2rdacontent
337 _acomputer
_2rdamedia
338 _aonline resource
_2rdacarrier
650 _aHalal food
_950
650 _aHalal Industry
_9144
650 _aHalal Week
_95617
856 _zRequest full-text at [email protected]
942 _2lcc
942 _cSLIDE
942 _kSLID 000380
999 _c2703
_d2703